European communist flag quiz - Statistics

General Stats
  • This quiz has been taken 36 times
  • The average score is 8 of 9
Answer Stats
Picture Answer % Correct
Albania
97%
Czechoslovakia
97%
Poland
97%
Soviet Union
97%
East Germany
94%
Bulgaria
91%
Hungary
91%
Romania
91%
Yugoslavia
88%
No matching quizzes found
Score Distribution
Percent of People with Each Score
Percentile by Number Answered
Your Score History
You have not taken this quiz